LEADER 01174nam--2200385---450- 001 990003135960203316 005 20080908104136.0 010 $a978-88-263-1703-8 035 $a000313596 035 $aUSA01000313596 035 $a(ALEPH)000313596USA01 035 $a000313596 100 $a20080805d2008----km-y0itay50------ba 101 1 $aita$cfre 102 $aIT 105 $a||||||||001yy 200 1 $aAntropologia della famiglia e della parentela$fRobert Deliège 210 $aRoma$cBorla$d2008 215 $a251 p.$d21 cm 300 $aTrad. di Rossana di Nola 454 1$12001$aAnthropologie de la famille et de la parenté$925410 606 0 $aParentela$2BNCF 676 $a306.87 700 1$aDELIÈGE,$bRobert$0473584 801 0$aIT$bsalbc$gISBD 912 $a990003135960203316 951 $aII.5. 5164$b210297 L.M.$cII.5.$d00174902 959 $aBK 969 $aUMA 979 $aGIUSY$b90$c20080805$lUSA01$h1256 979 $aGIUSY$b90$c20080805$lUSA01$h1256 979 $aGIUSY$b90$c20080805$lUSA01$h1257 979 $aPAOLA$b90$c20080908$lUSA01$h1041 996 $aAnthropologie de la famille et de la parenté$925410 997 $aUNISA LEADER 01864nam 2200613 450 001 9910788032803321 005 20170821175501.0 010 $a1-56699-732-1 010 $a1-56699-733-X 035 $a(CKB)2670000000595693 035 $a(OCoLC)903489218 035 $a(CaPaEBR)ebrary11027731 035 $a(SSID)ssj0001440205 035 $a(PQKBManifestationID)12465531 035 $a(PQKBTitleCode)TC0001440205 035 $a(PQKBWorkID)11383795 035 $a(PQKB)11699175 035 $a(MiAaPQ)EBC1961534 035 $a(EXLCZ)992670000000595693 100 $a20150310h20152015 uy 0 101 0 $aeng 135 $aurcnu|||||||| 181 $ctxt 182 $cc 183 $acr 200 10$aFacing decline, finding hope $enew possibilities for faithful churches /$fJeffrey D. Jones ; foreword by Phyllis Tickle 210 1$aLanham, Maryland :$cRowman & Littlefield,$d2015. 210 4$d©2015 215 $a1 online resource (154 p.) 300 $a"An Alban Institute book." 311 $a1-322-97573-6 311 $a1-56699-772-0 320 $aIncludes bibliographical references. 327 $aPart 1. Confronting difficult news -- Part 2. Old and new questions -- Part 3. Embracing the dangerous work of change. 606 $aChurch attendance 606 $aChurch growth 606 $aChurch renewal 606 $aPastoral theology 606 $aChurch work 615 0$aChurch attendance. 615 0$aChurch growth. 615 0$aChurch renewal. 615 0$aPastoral theology. 615 0$aChurch work. 676 $a254/.5 700 $aJones$b Jeffrey D.$01524560 702 $aTickle$b Phyllis 801 0$bMiAaPQ 801 1$bMiAaPQ 801 2$bMiAaPQ 906 $aBOOK 912 $a9910788032803321 996 $aFacing decline, finding hope$93765485 997 $aUNINA LEADER 03287nam 22005533 450 001 9910860863603321 005 20231121141837.0 010 $a1-61537-456-6 035 $a(MiAaPQ)EBC30464105 035 $a(Au-PeEL)EBL30464105 035 $a(CKB)26378477100041 035 $a(EXLCZ)9926378477100041 100 $a20230405d2023 uy 0 101 0 $aeng 135 $aurcnu|||||||| 181 $ctxt$2rdacontent 182 $cc$2rdamedia 183 $acr$2rdacarrier 200 14$a<> role of companion animals in the treatment of mental disorders 205 $a1st ed. 210 1$aWashington, D.C.$cAmerican Psychiatric Association Publishing,$d2023 210 4$d©2023. 215 $a1 Online-Ressource (316 Seiten) 311 $a1-61537-455-8 327 $aCover -- Half Title -- Title -- Copyright -- Contents -- Contributors -- Foreword -- 1 Introduction -- 2 A Working Partnership Between Clinicians and Therapy Dogs in the Treatment of Mental Disorders -- 3 Roles of Animals With Individuals Who Have Mental Illness -- 4 Companion Animals in Crisis Intervention -- 5 Companion Animals in the Treatment of At-Risk and Adjudicated Youth -- 6 Companion Animals in the Treatment of ADHD -- 7 Companion Animals in the Treatment of Autism Spectrum Disorder -- 8 Companion Animals in the Treatment of Depressive Disorders -- 9 Companion Animals in the Treatment of Stress and Anxiety -- 10 Companion Animals in the Treatment of PTSD -- 11 Companion Animals in the Treatment of Serious Mental Illness -- 12 Companion Animals Assisting Patients in Hospice -- 13 Companion Animals in the Treatment of Dementia and Aging-Related Concerns -- 14 Animal-Assisted Interventions for Improving the Mental Health and Academic Performance of University Students -- 15 Dog Visitation Programs in Hospitals -- 16 Animal-Assisted Therapy in Psychotherapy -- 17 Take-Home Messages -- Index -- Back Cover. 330 $aOffering a scientifically grounded review of the latest research, complemented by practical examples, this book examines the existing evidence to support these practices as well as the risks associated with various types of programs. This robust volume features detailed discussion of topics that include human-animal interactions in specific patient populations and settings, as well as best practices for ensuring animal welfare and well-being, with an emphasis on understanding applicable laws and regulations. 606 $aMental Disorders$xtherapy 606 $aAnimal Assisted Therapy 606 $aTherapy Animals 606 $aHuman-Animal Interaction 606 $aTreatment Outcome 606 $aMentally Ill Persons$xpsychology 615 12$aMental Disorders$xtherapy 615 22$aAnimal Assisted Therapy 615 22$aTherapy Animals 615 22$aHuman-Animal Interaction 615 22$aTreatment Outcome 615 22$aMentally Ill Persons$xpsychology 676 $a616.891658 700 $aGee$b Nancy R$01268434 701 $aTownsend$b Lisa$01740422 701 $aFindling$b Robert L$01722578 801 0$bMiAaPQ 801 1$bMiAaPQ 801 2$bMiAaPQ 906 $aBOOK 912 $a9910860863603321 996 $aRole of companion animals in the treatment of mental disorders$94166090 997 $aUNINA